Poder y protesta popular: movimientos sociales latinoamericanos
Gorde:
| Egile nagusia: | |
|---|---|
| Formatua: | Liburua |
| Hizkuntza: | gaztelania |
| Argitaratua: |
Ciudad de México
Siglo Veintiuno
2001
|
| Edizioa: | 1a. ed |
| Saila: | Sociología y Política
|
| Gaiak: | |
| Etiketak: |
Etiketa erantsi
Etiketarik gabe, Izan zaitez lehena erregistro honi etiketa jartzen!
|
MARC
| LEADER | 00000cam a2200000 a 4500 | ||
|---|---|---|---|
| 001 | UCI8402 | ||
| 003 | CL-VaPUC | ||
| 008 | 080904e20010000MX |||||||||||||||||spa|d | ||
| 020 | |a 9682322901 | ||
| 082 | 0 | 4 | |a 320.98 |b ECK |2 21 |
| 100 | 0 | |a Eckstein, Susan |e author |9 531885 | |
| 245 | 1 | 0 | |a Poder y protesta popular: movimientos sociales latinoamericanos |
| 250 | |a 1a. ed | ||
| 300 | |a 428 p | ||
| 942 | |c BK | ||
| 945 | |d 20080904 00:00:00 |a rbrito | ||
| 260 | |a Ciudad de México |b Siglo Veintiuno |c 2001 | ||
| 650 | 0 | |a Política |9 255312 | |
| 650 | 0 | |a Protesta social |9 343153 | |
| 650 | 0 | |a Sociología política |9 255920 | |
| 650 | 7 | |a GUERRILLA URBANA |2 CL-VaPUC |9 392246 | |
| 650 | 7 | |a REGIMEN MILITAR |2 CL-VaPUC |9 356963 | |
| 651 | 0 | |a América Latina |9 255027 | |
| 583 | |a last modification |c 20120116 10:21:12 |k Rodrigo Vera | ||
| 490 | 0 | |a Sociología y Política | |
| 999 | |c 331311 |d 331309 | ||
| 952 | |0 0 |1 0 |4 0 |6 320_980000000000000_ECK_2001 |7 0 |8 A |9 417713 |a BIBHIS |b BIBHIS |d 2019-11-22 |i 4476328 |o 320.98 ECK 2001 |p 4476328 |r 2019-11-22 |w 2019-11-22 |y BK |k HIS | ||
| 952 | |0 0 |1 0 |4 0 |6 320_980000000000000_ECK_2001 |7 0 |8 A |9 417714 |a BIBHIS |b BIBHIS |d 2019-11-22 |i 4839609 |o 320.98 ECK 2001 |p 4839609 |r 2025-01-20 |w 2019-11-22 |y BK |k HIS | ||